000 00301 a2200145 4500
001 163078
020 _a
040 _cMagnum
100 _a-
240 1 0 _aAlmanaque brasil/1997-1998
_lpor
245 1 0 _aAlmanaque brasil/1997-1998
362 0 _a1899
697 _aHISTORIA DO BRASIL
942 _cBK
999 _c163078
_d163078